| 000 | 00559nam a2200229 a 4500 | ||
|---|---|---|---|
| 001 | nice12345678 | ||
| 003 | IN_TiNIC | ||
| 005 | 20260116011309.0 | ||
| 008 | 050524s1946 laha grp 000 0 urd | ||
| 020 |
_a _c100 |
||
| 082 | 0 | 0 |
_a225.591439 _bBIB |
| 245 | _aInjeel-E-Muqaddas. | ||
| 260 |
_aLahore _bBible Society of India _c1946 |
||
| 300 | _a462p | ||
| 500 | _aincludes index and biblioraphy | ||
| 505 | 2 | _a3 vols. bound together | |
| 650 | _aBible-Urdu | ||
| 710 | 2 | _aBible Society of India | |
| 902 | _bSRS | ||
| 942 | _cBK | ||
| 999 |
_c282 _d282 |
||